000 00690nam a22002297a 4500
003 UA-OsUOA
001 122849
007 ta
008 20170523b un ||||| |||| 00| 0 ukr d
100 _aКоломієць І.Ф.
700 _aПелехатий А.О.
090 _a330(477)
_bК61
942 _cSA
040 _aUA-OsUOA
_bukr
_cUA-OsUOA
_dUA-OsUOA
245 _aТеоретико-практичні аспекти формування об'єднаних територіальних громад в Україні
300 _aС.46-56
955 _a0
041 _aukr
080 _a330(477)
773 0 _w122846
650 7 _a330 Економіка взагалі
_2UDC
999 _c409488
_d409488